000 00508nam a2200193 a 4500
001 1758004021496
003 YourLibrary
005 20250916115906.0
008 250916s1994##################000#0#eng##
020 _a9780521452113
082 0 4 _a551.5185
_bSIM
100 1 _aSimpson, John E.,
_eauthor.
245 1 0 _aSea Breeze and Local Winds :
260 _bCambridge University Press,
_c1994.
300 _a260 pages
650 0 _aNature.
942 _cENGLISH
040 _aYourLibrary
_beng
_cYourLibrary
999 _c587341
_d587341